|
|
|
|
| LEADER |
00000nam0a2200000 4500 |
| 001 |
356595 |
| 005 |
20231102010916.0 |
| 035 |
|
|
|a (RuTPU)RU\TPU\retro\13855
|
| 090 |
|
|
|a 356595
|
| 100 |
|
|
|a 20200722d1973 km y0rusy50 ca
|
| 101 |
0 |
|
|a rus
|
| 102 |
|
|
|a RU
|
| 105 |
|
|
|a y z 001zy
|
| 200 |
1 |
|
|a Образование и развитие союза советских социалистических республик (в документах)
|f сост. Н. Т. Савенков ; под ред. А. П. Косицына
|
| 210 |
|
|
|a Москва
|c Юридическая литература
|d 1973
|
| 215 |
|
|
|a 736 с.
|
| 606 |
1 |
|
|a СССР
|x Образование
|2 stltpush
|3 (RuTPU)RU\TPU\subj\66248
|9 82460
|
| 610 |
1 |
|
|a Советский Союз
|
| 610 |
1 |
|
|a документы
|
| 610 |
1 |
|
|a общественное устройство
|
| 610 |
1 |
|
|a государственное устройство
|
| 610 |
1 |
|
|a власть
|
| 610 |
1 |
|
|a высшие органы
|
| 610 |
1 |
|
|a союзные республики
|
| 610 |
1 |
|
|a государственное управление
|
| 610 |
1 |
|
|a местные органы
|
| 610 |
1 |
|
|a суд
|
| 610 |
1 |
|
|a прокуратура
|
| 610 |
1 |
|
|a граждане
|
| 610 |
1 |
|
|a права
|
| 610 |
1 |
|
|a обязанности
|
| 610 |
1 |
|
|a обязанности
|
| 610 |
1 |
|
|a 20 век
|
| 686 |
|
|
|a Т3(2)613-02
|v LBC/SL-A
|2 rubbk
|
| 702 |
|
1 |
|a Савенков
|b Н. Т.
|4 220
|
| 702 |
|
1 |
|a Косицын
|b А. П.
|4 340
|
| 801 |
|
1 |
|a RU
|b 63413507
|c 20200722
|
| 801 |
|
2 |
|a RU
|b 63413507
|c 20210401
|g RCR
|
| 942 |
|
|
|c BK
|